000
00304nam a22001337a 4500
008
170216b xxu||||| |||| 00| 0 eng d
020
_a
9780787654931
041
_a
eng
080
_2
2ND
_a
61
100
_a
4
101
_a
SHM
245
_a
THE GALE ENCYCLOPEDIA OF MEDICINE
_c
LONGE. J.L
942
_2
udc
_c
BK
999
_c
5619
_d
5619